000 00526nam a2200169 4500
008 160901b xxu||||| |||| 00| 0 eng d
022 _a2094-8042
082 _aDPer 370.105 M72 Jan-Dec 2012 v. 60-61
100 _913876
_aBartolay, Elena D.
243 _aThe modern teacher
245 _aPaalam- akrostik/
_cElena D. Bartolay.
260 _aPhilippines:
_bIn the Grade School, Inc.,
_cc2012.
300 _apage 433;
_c28 cm.
500 _aThe Modern Teacher
650 0 _913877
_aPhilippine poetry
942 _2ddc
_cPER
999 _c4219
_d4219